000 00365nam a2200145Ia 4500
008 191201s2009 xx 000 0 und d
082 _a658.804
_bCHI
100 _aCHERUNILAM, Francis
245 0 _aIndustrial Marketing Text and Cases
250 _aRep
260 _aN.Delhi
_bHimalaya Publication House
_c2009
300 _a378
650 _aMBA
942 _2ddc
_cBK
999 _c4268
_d4268